English test! - Statystyki

Ogólne statystyki
  • Ten quiz został rozwiązany 9 razy
  • Średni wynik to 1 z 101
Statystyki odpowiedzi
Odpowiedź % Poprawnych
Hello
44%
Red
22%
Annoy
11%
How are you
11%
Pale
11%
Snack
11%
Aboriginal Australian
0%
After
0%
After that
0%
Angry
0%
Annoying
0%
Be angry about
0%
Be angry with
0%
Be annoyed with
0%
Beard
0%
Beautiful
0%
Beautify
0%
Beauty
0%
Be bored with
0%
Be careful about
0%
Be happy about
0%
Be kind to
0%
Be sad about
0%
Be scared of
0%
Be shocked by
0%
Best wishes
0%
Be surprised at
0%
Be worried about
0%
Bored
0%
Braces
0%
Care
0%
Careful
0%
Careless
0%
Caring
0%
Cheerful
0%
Curly
0%
Dear Jack
0%
Didgeridoo
0%
Eventually
0%
Finally
0%
First
0%
Freckles
0%
Friendly
0%
Fringe
0%
Happy
0%
He doesn't like
0%
He likes
0%
He listens to my problems
0%
He's got braces.
0%
He's got red hair
0%
He's really funny, but he gets angry if
0%
He's tall
0%
He understands me
0%
Hi Jack
0%
His hair is
0%
Hope to see you soon
0%
How's life?
0%
Kind
0%
Laze
0%
Lazy
0%
Love, Emily
0%
Lovely
0%
Loving
0%
Moustache
0%
Next
0%
Professional
0%
Sad
0%
Scared
0%
See you on Saturday
0%
See you soon
0%
She loves
0%
She's blonde
0%
She seems
0%
She's got blue eyes
0%
She's quiet
0%
She's short
0%
She's very
0%
She usually wears trousers
0%
Shock
0%
Shocked
0%
Shy
0%
Sideburns
0%
Silly
0%
Smart
0%
Sociable
0%
Straight
0%
Suddenly
0%
Surprised
0%
Tan
0%
Then
0%
Traditional
0%
Tribe
0%
Turn out
0%
Unkind
0%
Watch out for
0%
Wavy
0%
What does he look like?
0%
What is he like?
0%
Worried
0%
Worry
0%
Write back soon
0%
Nie znaleziono quizów pasujących do podanych kryteriów
Rozkład punktacji
Procent ludzi z każdym wynikiem
Percentyl według liczby udzielonych odpowiedzi
Twoja historia wyników
Nie rozwiązałeś tego quizu